| 000 | 00962nam a22002051i 4500 | ||
|---|---|---|---|
| 001 | 181209 | ||
| 003 | ES-MaACL | ||
| 005 | 20230906221312.0 | ||
| 008 | 121031s1918 sp |||| | spa d | ||
| 100 | 1 |
_aCorral, José María de ( _d1889-1971) _940715 |
|
| 245 | 1 | 0 |
_aInvestigaciones acerca de la inervación del páncreas como glándula de secreción interna / _cpor José María de Corral. |
| 260 |
_aMadrid : _bJunta para Ampliación de Estudios e Investigaciones Científicas, _c1918. |
||
| 300 |
_aP. [173]-196, 1 h. pleg. ; _c23 cm. |
||
| 490 | 1 |
_aAnales de la Junta para Ampliación de Estudios e Investigaciones Científicas ; _vt. 17, memoria 3 |
|
| 650 | 4 |
_aPancreas. _9136648 |
|
| 710 | 2 |
_aJunta para la Ampliación de Estudios e Investigaciones Científicas. _95413 |
|
| 830 | 0 |
_aAnales de la Junta para Ampliación de Estudios e Investigaciones Científicas ; _vt. 17, memoria 3 _9186710 |
|
| 852 |
_aES-MaACL _jB-13173(3) |
||
| 999 |
_c181209 _d181209 |
||